| Поле | Инд. | ПП | Название | Значение |
|---|---|---|---|---|
| Тип записи | a | |||
| Библиографический уровень | b | |||
| 001 | Контрольный номер | RU/IS/BASE/126698709 | ||
| 005 | Дата корректировки | 20200601191506.4 | ||
| 084 | a | Индекс другой классификации/Индекс ББК | 60.561.3 | |
| a | Индекс другой классификации/Индекс ББК | 60.541.3 | ||
| a | Индекс другой классификации/Индекс ББК | 60.561.2 | ||
| a | Индекс другой классификации/Индекс ББК | 63.3(2)6-2 | ||
| 100 | 1_ | a | Автор | Дробышев А. А. |
| 100 | 1_ | a | Автор | Бутырин Г. Н. |
| 245 | a | Заглавие | Люмпенская составляющая российских реформ | |
| 504 | a | Библиография | Библиогр. ссылки | |
| 650 | a | Основная рубрика | история | |
| a | Основная рубрика | политическая социология | ||
| a | Основная рубрика | социология | ||
| a | Основная рубрика | социология групп | ||
| a | Основная рубрика | экономическая социология | ||
| 653 | a | Ключевые слова | XX век | |
| a | Ключевые слова | внутренняя политика | ||
| a | Ключевые слова | гласность | ||
| a | Ключевые слова | люмпены | ||
| a | Ключевые слова | новая экономическая политика (НЭП) | ||
| a | Ключевые слова | общественное сознание | ||
| a | Ключевые слова | политика | ||
| a | Ключевые слова | политическая сфера | ||
| a | Ключевые слова | российское общество | ||
| a | Ключевые слова | Россия | ||
| a | Ключевые слова | социальная стратификация | ||
| a | Ключевые слова | социально-политическое развитие | ||
| a | Ключевые слова | социально-экономические отношения | ||
| a | Ключевые слова | социально-экономическое развитие | ||
| a | Ключевые слова | социальные группы | ||
| a | Ключевые слова | социальные отношения | ||
| a | Ключевые слова | СССР | ||
| a | Ключевые слова | теневая экономика | ||
| a | Ключевые слова | экономика | ||
| a | Ключевые слова | экономические реформы | ||
| 773 | t | Заглавие источника | Вестник Московского университета. Серия 18, Социология и политология | |
| d | Дата издания источника | 2003 | ||
| g | Прочая информация | № 3. - С. 51 - 61 | ||
| w | Контрольный № источника | RU/IS/BASE/121270811 | ||
| 901 | t | Тип документа | b |